00774cam a22002291a 4500001000500000005001700005020001500022020001700037040003500054050001800089082001100107100002000118245008600138260004300224300003800267505000700305520014000312521001800452521001700470700002900487700002800516248420231212144220.0 a0688212670 a071009002951 aDLCcODaWUdOCoLCdOdDLCbeng00aPZ7.C5792bEm a813.541 aCleary, Beverly10aEmily's runaway imagination /cBeverly Cleary ; illustrated by Beth and Joe Krush aNew York :bDell Publishing Co.,c1961 a221 pages :billustrationsc21 cm aZ  aEmily decides that the town of Pitchfork needs a library, and comes up with a plan to make it happen. Can she make her dream come true? a910 bLexile  aZ bRaz-Plus1 aKrush, Betheillustrator1 aKrush, Joeeillustrator